| 000 | 01845nam a2200469Ii 4500 | ||
|---|---|---|---|
| 001 | DIGHERDER0369 | ||
| 003 | NyNyDIG | ||
| 007 | cr ||||||||||| | ||
| 008 | 220510s2010 sp ob 000 0 spa d | ||
| 006 | m o d | ||
| 035 | _a(OCoLC)993780324 | ||
| 040 |
_aDGITA _beng _erda _epn _cDGITA |
||
| 020 |
_a9788425427701 _qeBook _qePub |
||
| 020 | _z9788425426575 | ||
| 041 | 1 |
_aspa _hita |
|
| 050 | 1 | 4 | _aRC552.P67 ebook |
| 100 | 1 |
_aCagnoni, Federica, _eauthor. |
|
| 240 | 1 | 0 |
_aCambiare il passato. _lSpanish _s(Bargalló Chaves) |
| 245 | 1 | 0 |
_aCambiar el pasado : _bsuperar las experiencias traumáticas con la terapia estratégica / _cFederica Cagnoni y Roberta Milanese ; traducción, Jordi Bargalló. |
| 264 | 1 |
_aBarcelona : _bHerder, _c2010. |
|
| 300 | _a1 online resource. | ||
| 336 |
_atext _btxt _2rdacontent |
||
| 337 |
_acomputer _bc _2rdamedia |
||
| 338 |
_aonline resource _bcr _2rdacarrier |
||
| 347 |
_atext file _2rdaft |
||
| 347 | _bEPUB | ||
| 490 | 1 | _aTerapia Breve | |
| 504 | _aIncludes bibliographical references. | ||
| 588 | 0 | _aOnline resource; title from ePub title page (Digitalia, viewed May 10, 2022) | |
| 650 | 0 | _aPost-traumatic stress disorder. | |
| 655 | 0 | _aElectronic books. | |
| 700 | 1 |
_aMilanese, Roberta, _eauthor. |
|
| 700 | 1 |
_aBargalló Chaves, Jordi, _d1949- _etranslator. |
|
| 700 | 1 |
_iTranslation of: _aCagnoni, Federica. _tCambiare il passato. |
|
| 791 | 2 |
_aDigitalia (Firm), _edistributor. |
|
| 793 | 0 |
_gDigitalia eBook Collection: _aHerder Editorial |
|
| 776 | 0 | 8 |
_iPrint version: _aCagnoni, Federica. _sCambiare il passato. Spanish (Bargalló Chaves). _tCambiar el pasado. _dBarcelona : Herder, 2010 _z9788425426575 |
| 830 | 0 | _aTerapia Breve. | |
| 856 | 4 | 0 |
_3Digitalia Hispánica _uhttps://www.digitaliapublishing.com/a/61387/ |
| 910 | _aPremium collection: 2022 | ||
| 942 | _cRAA | ||
| 999 |
_c257647 _d257647 |
||